00769nam a2200217Ia 4500003000400000005001700004008004100021040001800062041000800080082002500088100002700113245007600140250001200216260004300228300002500271650005100296650003800347942003400385999001900419952011300438OSt20250203102831.0210716s9999 xx 000 0 und d cAIMIT LIBRARY aeng a006.620288 21bNORP aNorton, Peter.9197093 aBest of the peter Norton chronicles : bPC magazine /cBy Peter Norton. a1st ed. aNew Delhi :bBPB Publications ,c1987. a127p. ;bHBc25.5 cm aSupport and control in flabby programs9197094 aNotes from tn the mailbag9197095 2ddccBKe1stk620.620288 NORP c180721d180721 001040708MCAaAIMITbAIMITd2021-07-16l0o006.620288 NORPpMCA00229r2025-07-21 00:00:00w2021-07-16yBK